00273nam a2200109Ia 4500003000400000008004100004040001600045082001600061245003500077260004000112300001100152GCL140319s9999 xx 000 0 eng d aGCL / cGCL04a005.43bL U10aUSING NIVELL NETWARRE, 2ND ED a[S.N] : bQUE CORPORATION ، c1992 a913 P